A kis Leila már nem lesz mutatványos? egy vásárhelyi szórakoztatóparos-dinasztia emlékei /
Elmentve itt :
| Szerző: | |
|---|---|
| Dokumentumtípus: | Cikk |
| Megjelent: |
2003-07-05
|
| Sorozat: | Délmagyarország
93 No. 155 |
| Kulcsszavak: | Harmos Ottó, Hódmezővásárhely, Színház cirkusz Hódmezővásárhely |
| Online Access: | http://dmarchiv.bibl.u-szeged.hu/131003 |
| LEADER | 00576nab a2200157 i 4500 | ||
|---|---|---|---|
| 001 | delm131003 | ||
| 005 | 20191122105231.0 | ||
| 008 | 191122s2003 hu o 0|| hun d | ||
| 040 | |a SZTE Délmagyarország Archívum |b hun | ||
| 041 | |a hun | ||
| 100 | 1 | |a Farkas Csaba | |
| 245 | 1 | 2 | |a A kis Leila már nem lesz mutatványos? |h [elektronikus dokumentum] : |b egy vásárhelyi szórakoztatóparos-dinasztia emlékei / |c Farkas Csaba |
| 260 | |c 2003-07-05 | ||
| 300 | |a 9 | ||
| 490 | 0 | |a Délmagyarország |v 93 No. 155 | |
| 695 | |a Harmos Ottó, Hódmezővásárhely, Színház cirkusz Hódmezővásárhely | ||